Municipios de Asturias en un mapa por comarcas - Estadísticas

Estadísticas generales
  • Esta prueba ha sido intentada 46 veces
  • La puntuación promedio es 35 de 77
Respuestas en el mapa
Las respuestas están codificadas por una escala verde-roja en el mapa de la prueba según el % correcto abajo.
 
Estadísticas de respuestas
Respuesta % Correcto
Gijón
100%
Oviedo
100%
Avilés
85%
Mieres
77%
Ribadesella
77%
Ribadesella
77%
Cangas del Narcea
69%
Cangas de Onís
69%
Villaviciosa
69%
Castropol
65%
Langreo
65%
Siero
65%
Cudillero
62%
Llanes
62%
Tapia de Casariego
58%
Vegadeo
58%
Castrillón
54%
El Franco
54%
Gozón
54%
Onís
54%
Valdés
54%
Carreño
50%
Lena
50%
Llanera
50%
Navía
50%
San Martín del Rey Aurelio
50%
Santa Eulalia de Oscos
50%
Aller
46%
Cabrales
46%
Colunga
46%
Grado
46%
Somiedo
46%
Tineo
46%
Allande
42%
Corvera
42%
Laviana
42%
Parrés
42%
Peñamellera Alta
42%
Peñamellera Baja
42%
Piloña
42%
Pravia
42%
Salas
42%
San Martín de Oscos
42%
Taramundi
42%
Amieva
38%
Belmonte de Miranda
38%
Coaña
38%
Illas
38%
Ponga
38%
Villanueva de Oscos
38%
Cabranes
35%
Caso
35%
Degaña
35%
Grandas de Salime
35%
ibias
35%
Las Regueras
35%
Nava
35%
Quirós
35%
Sobrescobio
35%
Soto del Barco
35%
Teverga
35%
Villayón
35%
Bimenes
31%
Boal
31%
Caravia
31%
Morcín
31%
Proaza
31%
Santo Adriano
31%
Yernes y Tameza
31%
Muros de Nalón
27%
Ribera de Arriba
27%
San Tirso de Abres
27%
Candamo
23%
Illano
23%
Pesoz
23%
Riosa
23%
Sariego
23%
No se encontraron pruebas coincidentes
Distribución de puntuación
Porcentaje de gente con cada puntuación
Porcentaje por número respondido
Historial de tus puntuaciones
No has intentado esta prueba.